Our world witness; (Record no. 1807)

MARC details
000 -LEADER
fixed length control field 00812nam a2200265I 4500
001 - CONTROL NUMBER
control field 24062
003 - CONTROL NUMBER IDENTIFIER
control field GBCCL
005 - DATE AND TIME OF LATEST TRANSACTION
control field 20241126110409.0
008 - FIXED-LENGTH DATA ELEMENTS--GENERAL INFORMATION
fixed length control field 780120s1963 moua 000 0 eng
010 ## -
-- 64000153
035 ## - SYSTEM CONTROL NUMBER
System control number (OCoLC)03573028
040 ## - CATALOGING SOURCE
Original cataloging agency DLC
Transcribing agency KAT
049 ## -
-- LBBK
050 0# -
-- BV2595.A8
-- P4
082 ## - DEWEY DECIMAL CLASSIFICATION NUMBER
Classification number 266.899
Item number PAR
092 ## - LOCALLY ASSIGNED DEWEY CALL NUMBER (OCLC)
Classification number 266.899
Item number P447
100 1# - MAIN ENTRY--PERSONAL NAME
Personal name Perkin, Noel.
9 (RLIN) 3754
245 10 - TITLE STATEMENT
Title Our world witness;
Remainder of title a survey of Assemblies of God foreign missions,
Statement of responsibility, etc. by Noel Perkins and John Garlock.
260 ## - PUBLICATION, DISTRIBUTION, ETC.
Place of publication, distribution, etc. Springfield, Mo.,
Name of publisher, distributor, etc. Gospel Pub. House
Date of publication, distribution, etc. [c1963]
300 ## - PHYSICAL DESCRIPTION
Extent 118 p.
Other physical details diagr.
Dimensions 20 cm.
504 ## - BIBLIOGRAPHY, ETC. NOTE
Bibliography, etc. note Bibliography: p. 117-118.
610 20 - SUBJECT ADDED ENTRY--CORPORATE NAME
Corporate name or jurisdiction name as entry element Assemblies of God.
Subordinate unit General Council
General subdivision Missions.
9 (RLIN) 3755
700 10 - ADDED ENTRY--PERSONAL NAME
Personal name Garlock, John,
Relator term joint author.
9 (RLIN) 3756
942 ## - ADDED ENTRY ELEMENTS (KOHA)
Source of classification or shelving scheme Dewey Decimal Classification
Koha item type Books
Koha issues (borrowed), all copies 2
Holdings
Withdrawn status Lost status Source of classification or shelving scheme Damaged status Not for loan Home library Current Library Shelving location Date acquired Total checkouts Full call number Barcode Date last seen Date last checked out Copy number Price effective from Koha item type
    Dewey Decimal Classification     GRACE BIBLE COLLEGE GRACE BIBLE COLLEGE Ministry & Mission 2017-05-25 2 266.899 PAR 006518 2025-05-01 2020-02-13 c.1 2017-05-25 Books
© Grace Bible College Library 2025